000 00335nam a2200121Ia 4500
005 20260328101456.0
008 260328s9999||||xx |||||||||||||| ||und||
100 _aMendoza Neira, Plinio
245 0 _aColombia PaĆ­s de Ciudades :
_b Medellin /
_cPlinio Mendoza Neira
260 _bAntares
650 _aARQUITECTURA REGIONAL
942 _cBK
999 _c8829
_d8829